Normal view MARC view

Entry Personal Name

Number of records used in: 1

001 - CONTROL NUMBER

  • control field: 165443

003 - CONTROL NUMBER IDENTIFIER

  • control field: OSt

005 - DATE AND TIME OF LATEST TRANSACTION

  • control field: 20220923221540.0

008 - FIXED-LENGTH DATA ELEMENTS

  • fixed length control field: 220923|| aca||aabn | a|a d

040 ## - CATALOGING SOURCE

  • Original cataloging agency: OSt
  • Transcribing agency: OSt

100 ## - HEADING--PERSONAL NAME

  • Personal name: शर्मा, रामशरण; मंगलनाथ सिंह, अनु

670 ## - SOURCE DATA FOUND

  • Source citation: Work cat.: (OSt)349938: शर्मा, रामशरण; मंगलनाथ सिंह, अनु., मध्य गंगा क्षेत्र में राज्य की संरचना, 1998
Copyright @ Delhi University Library System